Sistemas juridicos comparados. Lecciones y materiales.
保存先:
| 第一著者: | |
|---|---|
| その他の著者: | , , |
| フォーマット: | 図書 |
| 言語: | 英語 |
| 出版事項: |
Barcelona, España:
Publicacions i Edicions de la Universitat de Barcelona,
2010.
|
| シリーズ: | Universitat,
47. |
| 主題: | |
| タグ: |
タグ追加
タグなし, このレコードへの初めてのタグを付けませんか!
|
MARC
| LEADER | 00000nam a22000007a 4500 | ||
|---|---|---|---|
| 003 | CL-VaPUC | ||
| 005 | 20230125112232.0 | ||
| 008 | 220629b2010 ||||| |||| 00| 0 eng d | ||
| 999 | |c 436451 |d 436449 | ||
| 020 | |a 978-84-475-3475-3 | ||
| 040 | |c Pontificia Universidad Católica de Valparaíso | ||
| 082 | 7 | |a 340.2 AJA 2010 |2 22 | |
| 100 | 1 | |a Ajani, Gianmario |e autor |9 871638 | |
| 245 | |a Sistemas juridicos comparados. |b Lecciones y materiales. | ||
| 260 | |a Barcelona, España: |b Publicacions i Edicions de la Universitat de Barcelona, |c 2010. | ||
| 300 | |a 446 páginas. | ||
| 490 | |a Universitat, |v 47. | ||
| 500 | |a c.1 Donación Familia Prof. Alejandro Guzmán Brito. | ||
| 583 | |c 20220629 |k Catalogador Asistente | ||
| 650 | |a Derecho comparado |9 255664 | ||
| 650 | 0 | |a Sistemas jurídicos |9 493750 | |
| 650 | |a Derecho |z Europa |9 871812 | ||
| 650 | |a Derecho |z Estados Unidos |9 871813 | ||
| 700 | |a Anderson, Miriam |e autora |9 871639 | ||
| 700 | |a Arroyo Amayuelas, Esther |e autora |9 871640 | ||
| 700 | |a Pasa, Barbara |e autora |9 871641 | ||
| 942 | |2 ddc |c BK |n 0 | ||
| 952 | |0 0 |1 0 |2 ddc |4 0 |6 340_200000000000000_AJA_2010 |7 1 |8 C_AGB |9 584111 |a BIBDER |b BIBDER |d 2022-06-29 |e Donación |i 5652277 |o 340.2 AJA 2010 |p 5652277 |r 2023-01-25 |t 1 |w 2022-06-29 |y BK_US |k AGB | ||